1818 1031 1971 1719 1776 1593 1252 1056 1093 1755 1435 1385 1377 1434 1839 1955 1487 1379 1243 1060 1367 1918 1389 1920 1290 1827 1261 1045 1285 1919 1098 1780 1861 1043 1256 1123 1758 1243 1016 1630 1838 1030 1670 1736 1556 1078 1528 1240 1017 1493 1387 1897 1658 1292 1303 1980 1380 1239 1087 1003 1630 1297 1940 1547 1822 1230 1656 1354 1267 1988 1569 1711 1979 1999 1926 1709 1084 1715 1544 1982 1302 1574 1339 1272 1575 1176 1228 1093 1838 1272 1094 1320 1988 1202 1297 1898 1395 1557 1400 BCNSPRNW ULIB Ver.6.0+V

เปลี่ยนเป็นภาษาไทย

Change to English
 แสดงรายละเอียดบรรณานุกรม
  กลับหน้าหลัก

Brief Record : Get Marc (ISO 2709) : E-mail record : QR code < ปิดหน้าต่าง
LEADER : 00000nam 2200000uu 4500
001    13399108349
003     ULIB
008    110301s2551||||th 000 0 tha d
020    9789740318606
060 04 WY105^bบ418ภ 2551
100 0  บุญใจ ศรีสถิตย์นรากูร
245 10 ภาวะผู้นำและกลยุทธ์การจัดการองค์การพยาบาลในศตวรรษที่ 21 =^bLeadership and strategic management in Nursing Organization for the 21st century /^cบุญใจ ศรีสถิตย์นรากูร
246 31 Leadership and strategic management in NursingOrganization for the 21st century
250    พิมพ์ครั้งที่ 2
260    กรุงเทพฯ :^bคณะพยาบาลศาสตร์ จุฬาลงกรณ์มหาวิทยาลัย,^c2551
300    505 หน้า :^bภาพประกอบ ;^c26 ซม.
650  7 การจัดการองค์การ
650  7 การพยาบาล^xการจัดการ
650  7 ภาวะผู้นำ
710 2  จุฬาลงกรณ์มหาวิทยาลัย. ^bคณะพยาบาลศาสตร์
945    ^p380^l0^i026231
945    ^p380^l0^i026230
945    ^p380^l0^i026229
945    ^p380^l0^i026232
995    เกษร
999 ^a ใช้งานได้ทุกระบบ
รายการนี้ยังไม่มีแท็ก
คุณยังไม่ได้ล็อกอิน คุณสามารถมีกิจกรรมร่วมกับเว็บไซต์ได้ แต่ต้องล็อกอินก่อน ::
  ล็อกอิน

รายการสื่อสารสนเทศ

ลำดับที่ ประเภท เลขเรียก/บาร์โค้ด สถานที่ สถานะ
1. วิทยาศาสตร์การแพทย์ และสุขภาพ
วิทยาศาสตร์การแพทย์ และสุขภาพ
WY105 บ418ภ 2551 ฉ.4 
  Barcode: 026232
ห้องสมุดวิทยาเขตสวรรค์ประชารักษ์
►ส่วนจัดเก็บหนังสือเก่า สปร
บนชั้น
  ขอยืม

รายการใกล้เคียง
    ผู้แต่ง [บุญใจ ศรีสถิตย์นรากูร]

    หัวเรื่อง [การจัดการองค์การ]
    หัวเรื่อง [ภาวะผู้นำ]

BibComment


ยังไม่เคยถูกคอมเมนท์

คอมเมนท์ทรัพยากรรายการนี้
  คอมเมนท์: ภาวะผู้นำและกลยุท..


 Copyright 2026. Bcnsprnw @Library